City to Country Quiz #6 - Statistics

General Stats
  • This quiz has been taken 65,239 times
  • The average score is 16 of 27
Answer Stats
City Country % Correct
Xi'an China
95%
Milwaukee United States
93%
Wrocław Poland
92%
Casablanca Morocco
88%
Kaliningrad Russia
87%
Kathmandu Nepal
86%
Bruges Belgium
85%
Hội An Vietnam
84%
Nazareth Israel
83%
Nicosia Cyprus
80%
Inverness United Kingdom
73%
Mogadishu Somalia
72%
Lucerne Switzerland
64%
Nuuk Denmark
63%
Nagano Japan
57%
Timbuktu Mali
57%
Cabo San Lucas Mexico
49%
Quezon City Philippines
43%
Trois-Rivières Canada
42%
Rosario Argentina
41%
Mandalay Myanmar
35%
Sharjah United Arab Emirates
32%
Erbil Iraq
31%
Rotorua New Zealand
31%
Batman Turkey
29%
Papeete France
25%
Quetta Pakistan
19%
No matching quizzes found
Score Distribution
Percent of People with Each Score
Percentile by Number Answered
Your Score History
You have not taken this quiz